000 00362pam a2200157a 44500
008 230515b2009 xxu||||| |||| 00| 0 eng d
020 _aNULL
041 _aENGLISH
082 _a330/SAH.
100 _a"SAHOO,R K"
245 _aAGRICULTURE AND RURAL ECONOMY
250 _a1
260 _aPUNE
_bREGENCY PUBLICATIONS
_c2009
300 _a240
650 _aNULL
999 _c541790
_d541790